Score 0/100 Timer 10:00
3 Plays Today
Rank Name % Correct
1John
93.1%
3James
84.1%
51Michael
79.7%
2William
79.4%
4George
75.5%
6Robert
75.1%
11Thomas
73.1%
32David
72.7%
43Will
72.5%
19Paul
69.4%
58Peter
67.2%
24Richard
66.1%
8Frank
65.4%
37Andrew
64.1%
7Joseph
63.4%
87Ed
63.3%
5Charles
63.2%
44Daniel
63.2%
27Jack
62.5%
10Henry
60.6%
9Edward
60.5%
13Harry
59.3%
34Sam
59%
73Ben
57%
52Tom
55.4%
17Fred
54.7%
68Jim
54.2%
22Joe
54.1%
33Samuel
53.1%
57Benjamin
51.6%
20Harold
47.2%
93Alexander
47%
67Anthony
45.7%
79Donald
45%
Rank Name % Correct
89Patrick
43.9%
29Carl
43%
16Albert
42.4%
61Theodore
41.9%
25Charlie
40.2%
64Frederick
39.3%
41Francis
39.2%
94Philip
38.5%
15Arthur
38%
70Martin
37.7%
12Walter
37.6%
26Louis
37.2%
46Leo
37.2%
40Lawrence
36.3%
90Kenneth
35.3%
92Victor
34.9%
95Oliver
33.4%
85Leon
33.4%
55Ray
33.1%
54Leonard
32%
35Howard
31.8%
42Alfred
30.4%
23Raymond
30.2%
36Herbert
29.2%
63Eddie
28.3%
53Lewis
27.8%
77Stanley
26.5%
74Edwin
26.5%
47Oscar
26.2%
14Willie
25.7%
31Ralph
24.7%
21Roy
24.4%
39Lee
23.7%
71Edgar
23.1%
Rank Name % Correct
83Norman
22.7%
50Jesse
22.6%
28Earl
22.5%
30Ernest
22.5%
86Bernard
21.7%
45Eugene
20.7%
72Chester
20.4%
18Clarence
19.8%
88Hugh
19.4%
78Lloyd
18.8%
60Lester
18.7%
62Russell
18.6%
81Harvey
18%
49Herman
17.9%
84Johnnie
17.7%
48Floyd
16.9%
80Homer
16.8%
56Clyde
16.1%
98Milton
16%
65Leroy
15.5%
97Horace
15.3%
59Claude
14.7%
66Clifford
14.5%
38Elmer
14.5%
69Jessie
14.5%
91Leslie
14%
100Everett
13.8%
99Guy
13.4%
76Cecil
13.4%
82Luther
12.5%
96Mack
11.9%
75Dewey
9.8%

You're not logged in!

Compare scores with friends on all Sporcle quizzes.
OR
Log In

Sporcle TV

Today on Sporcle TV


Watch our educational content, quiz creation guides, and fun videos on Sporcle TV.

Show Comments

Extras

Top Quizzes Today


Score Distribution

Your Account Isn't Verified!

In order to create a playlist on Sporcle, you need to verify the email address you used during registration. Go to your Sporcle Settings to finish the process.

Report this User

Report this user for behavior that violates our Community Guidelines.

Details: